000 00381nam a2200169Ia 4500
008 170705s9999 xx 000 0 und d
020 _a440229499
245 _aGathering blue /
245 _cLois Lowry.
260 _aNew York :
260 _bScholastic,
260 _c2000
300 _a215 pages :
300 _bcolor illustration ;
300 _c18cm.
500 _a680
999 _c336134
_d336134